Spell the Marvel Character #385 - Statistics

General Stats
  • This quiz has been taken 12 times
  • The average score is 9 of 12
Answer Stats
Picture Answer % Correct
Captain America
100%
Invisible Woman
100%
Nick Fury
100%
Arana
91%
Hiro
91%
Okoye
91%
Agent Venom
82%
Cloud 9
55%
Gravity
55%
Mass Master
55%
Monica Chang
55%
Nikki
55%
No matching quizzes found
Score Distribution
Percent of People with Each Score
Percentile by Number Answered
Your Score History
You have not taken this quiz